| 000 | 01180cab a2200217 4500 | ||
|---|---|---|---|
| 001 | ##L134025 | ||
| 008 | 060703n2006 000 0 eng u | ||
| 035 | _a(Sirsi) u134025 | ||
| 041 | 0 | _aeng | |
| 100 | 1 | _aDennis, David | |
| 245 | 0 | 0 | _aDispositions of charitable land |
| 260 | _c2006 | ||
| 490 | 4 |
_aThe Conveyancer _v(70) May/June 2006, 219-244(26) |
|
| 520 | _aExamines the general power of charity trustees to dispose of charitable land under the Trusts of Land and Appointment of Trustees Act 1996. Looks at the operation of the restrictions on dispositions of charity land contained in the Charities Act 1993 Part V. Considers the judgment in "Bayoumi v Women's Total Abstinence Educational Union Ltd" ([2003] EWCA Civ 1548, Abs67553). Discusses whether this judgment's interpretation of Part V of the Act satisfactorily resolves the conflict between protecting the interests of the charity and the purchaser of the property. | ||
| 590 | _aIKA040706 | ||
| 650 | 2 | 4 | _aBAYOUMI V WOMEN TOTAL ABSTINENCE UNION LTD AND ANOTHER |
| 650 | 2 | 4 | _aCHARITIES ACT 1993 |
| 651 | 4 |
_aEngland and Wales _y1543- |
|
| 690 | _aPROPERTY-PROPERTY ACQUISITION AND DISPOSAL | ||
| 942 | _n0 | ||
| 999 |
_c77333 _d77333 |
||